LEADER 03704nam 2200601 450 001 9910788748803321 005 20180613001305.0 010 $a1-4704-0422-2 035 $a(CKB)3360000000465005 035 $a(EBL)3114239 035 $a(SSID)ssj0000973312 035 $a(PQKBManifestationID)11552361 035 $a(PQKBTitleCode)TC0000973312 035 $a(PQKBWorkID)10960111 035 $a(PQKB)10828997 035 $a(MiAaPQ)EBC3114239 035 $a(RPAM)13763500 035 $a(PPN)195417097 035 $a(EXLCZ)993360000000465005 100 $a20041027h20052005 uy| 0 101 0 $aeng 135 $aur|n|---||||| 181 $ctxt 182 $cc 183 $acr 200 10$aLocal zeta functions attached to the minimal spherical series for a class of symmetric spaces /$fNicole Bopp, Hubert Rubenthaler 210 1$aProvidence, Rhode Island :$cAmerican Mathematical Society,$d[2005] 210 4$d©2005 215 $a1 online resource (250 p.) 225 1 $aMemoirs of the American Mathematical Society,$x0065-9266 ;$vnumber 821 300 $a"Volume 174, number 821 (first of 4 numbers)." 311 $a0-8218-3623-4 320 $aIncludes bibliographical references (pages 227-230) and index. 327 $a""Table of Contents""; ""Introduction""; ""Chapter 1. A Class of Real Prehomogeneous Spaces""; ""1.1. A class of graded algebras""; ""1.2. Root systems""; ""1.3. Complexification""; ""1.4. Highest root in I?£""; ""1.5. The first step for the descent""; ""1.6. The descent""; ""1.7. Generic elements in V[sup(+)]""; ""1.8. Structure of the regular graded algebra (g, H[sub(0)])""; ""1.9. Properties of the spaces E[sub(i,j)] (p, q)""; ""1.10. Normalization of the Killing form""; ""1.11. The relative invariant I??[sub(0)]""; ""1.12. The case k = 0""; ""1.13. Properties of I??[sub(0)]"" 327 $a""1.14. The polynomials I??[sub(j)]""""Chapter 2. The Orbits of G in V[sup(+)]""; ""2.1. Representations of sl( 2, C)""; ""2.2. First reduction""; ""2.3. An involution which permutes the roots in E[sub(i,j)(+1,+1)""; ""2.4. Construction of elements interchanging I?»[sub(i)] and I?»[sub(j)]""; ""2.5. Quadratic forms""; ""2.6. The G-orbits for Type III""; ""2.7. The G-orbits for Type II""; ""2.8. Signature of the quadratic forms qx[sub(i)],x[sub(j)]""; ""2.9. Action of Z[sub(G)](I[sup(+)]) for Type I""; ""2.10. The Ga???orbits for Type I""; ""2.11. The classification"" 327 $a""4.2. Two diffeomorphisms""""4.3. Isomorphisms between g(1), g (a???1), V[sup(+)]( l ) and V[sup(-)](a???1)""; ""4.4. A first normalization and its consequence""; ""4.5. A second normalization and its consequence""; ""4.6. Integral formulas on V[sup(+)] and V[sup(-)]""; ""4.7. Fourier transform of a quadratic character""; ""4.8. A relation between T[sup(-)][sub(Ff)] and T[sup(+)][sub(f)]""; ""Chapter 5. Functional Equation of the Zeta Functionfor Type I and II""; ""5.1. Definition of the local Zeta functions""; ""5.2. Existence of a functional equation for (AN, V[sup(+)])"" 327 $a""6.5. Explicit functional equation for k = 0"" 410 0$aMemoirs of the American Mathematical Society ;$vno. 821. 606 $aFunctions, Zeta 606 $aSymmetric spaces 615 0$aFunctions, Zeta. 615 0$aSymmetric spaces. 676 $a510 s 676 $a515/.56 700 $aBopp$b Nicole$f1947-$01521044 702 $aRubenthaler$b H$g(Hubert), 801 0$bMiAaPQ 801 1$bMiAaPQ 801 2$bMiAaPQ 906 $aBOOK 912 $a9910788748803321 996 $aLocal zeta functions attached to the minimal spherical series for a class of symmetric spaces$93759913 997 $aUNINA LEADER 03289nam 22007092 450 001 9910970817903321 005 20151005020621.0 010 $a1-107-13005-0 010 $a0-511-14808-9 010 $a0-511-48702-9 010 $a0-511-04719-3 010 $a0-511-33021-9 010 $a0-511-17767-4 010 $a0-521-79294-0 010 $a1-280-43296-9 035 $a(CKB)111082128285900 035 $a(EBL)201393 035 $a(OCoLC)475914766 035 $a(SSID)ssj0000188869 035 $a(PQKBManifestationID)11171975 035 $a(PQKBTitleCode)TC0000188869 035 $a(PQKBWorkID)10156377 035 $a(PQKB)11124715 035 $a(UkCbUP)CR9780511487026 035 $a(MiAaPQ)EBC201393 035 $a(Au-PeEL)EBL201393 035 $a(CaPaEBR)ebr10021350 035 $a(CaONFJC)MIL43296 035 $a(EXLCZ)99111082128285900 100 $a20090226d2002|||| uy| 0 101 0 $aeng 135 $aur||||||||||| 181 $ctxt$2rdacontent 182 $cc$2rdamedia 183 $acr$2rdacarrier 200 10$aLanguage and literary structure $ethe linguistic analysis of form in verse and narrative /$fNigel Fabb 205 $a1st ed. 210 1$aCambridge :$cCambridge University Press,$d2002. 215 $a1 online resource (x, 230 pages) $cdigital, PDF file(s) 300 $aTitle from publisher's bibliographic system (viewed on 05 Oct 2015). 311 08$a0-521-79698-9 311 08$a0-511-02031-7 320 $aIncludes bibliographical references (p. 216-226) and indexes. 327 $a1. Literary form -- 2. Generated metrical form -- 3. Communicated form -- 4. The communication of metre -- 5. Lines -- 6. Line-groups in metrical verse and in narrative -- 7. Complexity. 330 $aHow does a literary text get to have literary form, and what is the relation between literary form and linguistic form? This theoretical study of linguistic structure in literature focuses on verse and narrative from a linguistic perspective. Nigel Fabb provides a simple and realistic linguistic explanation of poetic form in English from 1500-1900, drawing on the English and American verse and oral narrative tradition, as well as contemporary criticism. In recent years literary theory has paid relatively little attention to form; this book argues that form is interesting. Fabb offers a new linguistic approach to how metre and rhythm work in poetry, based on pragmatic theory and provides a pragmatic explanation of formal ambiguity and indeterminacy and their aesthetic effects. He also uses linguistics to examine the experience of poetry. Language and Literary Structure will be welcomed by students and researchers in linguistics, literary theory and stylistics. 517 3 $aLanguage & Literary Structure 606 $aEnglish language$xVersification 606 $aNarration (Rhetoric) 606 $aLiterary form 606 $aPoetics 615 0$aEnglish language$xVersification. 615 0$aNarration (Rhetoric) 615 0$aLiterary form. 615 0$aPoetics. 676 $a421/.6 700 $aFabb$b Nigel$0132891 801 0$bUkCbUP 801 1$bUkCbUP 906 $aBOOK 912 $a9910970817903321 996 $aLanguage and literary structure$9668729 997 $aUNINA